| 000 | 00489nam a2200157 a 4500 | ||
|---|---|---|---|
| 001 | 2581 | ||
| 003 | CDMR | ||
| 005 | 20151016124801.0 | ||
| 008 | 130130s1987||||||||||||||||||||||||||||d | ||
| 040 |
_aCDMR _bcat _cCDMR |
||
| 110 | 2 |
_9133 _aCol·legi de Periodistes de Catalunya |
|
| 245 | 1 | 0 |
_aLlei de creació del Col·legi Professional de Periodistes de Catalunya _b: Estatuts del Col·legi de Periodistes de Catalunya |
| 260 |
_aBarcelona _c1987 _bC.P.C. |
||
| 300 | _a43 p. | ||
| 942 |
_cMON _2udc |
||
| 999 |
_c2581 _d2581 |
||